FC Barcelona players (2000-2010) - Statistics

General Stats
  • This quiz has been taken 44 times
  • The average score is 39 of 111
Answer Stats
Rank Player Positions Nationality Matches Goals (assists) Period % Correct
7 Lionel Messi RW 144 88 (42) 2004-2010
100%
4 Andrés Iniesta CM 210 17 (38) 2002-2010
97%
1 Xavi CM 311 34 (95) 2000-2010
97%
8 Samuel Eto'o ST 144 108 (26) 2004-2009
95%
2 Carles Puyol CB 307 7 (12) 2000-2010
92%
3 Víctor Valdés GK 263 0 (1) 2002-2010
92%
6 Ronaldinho LW 145 70 (51) 2003-2008
86%
35 Sergio Busquets DM 57 1 (2) 2008-2010
84%
34 Gerard Piqué CB 57 3 (1) 2008-2010
81%
5 Rafa Márquez CB 163 9 (4) 2003-2010
81%
26 Yaya Touré CM 74 4 (5) 2007-2010
78%
13 Deco AM 113 11 (36) 2004-2008
76%
12 Patrick Kluivert ST 121 60 (27) 2000-2004
76%
24 Thierry Henry ST 80 35 (20) 2007-2010
76%
48 Zlatan Ibrahimović ST 29 16 (9) 2009-2010
76%
31 Dani Alves RB 63 8 (21) 2008-2010
73%
28 Éric Abidal LB 72 0 (6) 2007-2010
73%
9 Phillip Cocu DM 134 13 (6) 2000-2004
68%
36 Rivaldo AM 55 31 (14) 2000-2002
68%
33 Seydou Keita CM 58 10 (3) 2008-2010
68%
27 Eidur Gudjohnsen ST 72 10 (8) 2006-2009
62%
15 Giovanni van Bronckhorst LB 105 5 (13) 2003-2007
62%
42 Henrik Larsson ST 40 13 (4) 2004-2006
62%
55 Mark van Bommel CM 24 2 (7) 2005-2006
62%
40 Pedro RW 42 12 (5) 2007-2010
62%
64 Aleksandr Hleb AM 19 0 (3) 2008-2009
59%
11 Javier Saviola CF 123 49 (23) 2001-2004, 2006-2007
59%
23 Ludovic Giuly RW 86 19 (10) 2004-2007
59%
16 Frank de Boer CB 103 3 (7) 2000-2003
57%
32 Gianluca Zambrotta RB 58 3 (4) 2006-2008
57%
53 Maxwell LB 25 0 (4) 2009-2010
54%
56 Pep Guardiola DM 24 2 (10) 2000-2001
54%
25 Bojan Krkic CF 77 20 (10) 2007-2010
49%
49 Giovani dos Santos CF 28 3 (7) 2007-2008
49%
86 Jonathan dos Santos DM 3 0 (0) 2009-2010
49%
19 Luis Enrique RM 93 24 (14) 2000-2004
49%
17 Marc Overmars LW 97 15 (15) 2000-2004
49%
66 Edgar Davids CM 18 1 (1) 2003-2004
46%
43 Gabriel Milito CB 38 1 (1) 2007-2008, 2009-2010
46%
41 Lilian Thuram CB 41 0 (1) 2006-2008
46%
18 Thiago Motta DM 96 6 (5) 2001-2007
46%
46 Juan Román Riquelme AM 30 3 (6) 2002-2003
43%
21 Michael Reiziger RB 89 0 (4) 2000-2004
43%
81 José Manuel Pinto GK 5 0 (0) 2007-2009
41%
30 Juliano Belletti RB 71 0 (9) 2004-2007
41%
10 Oleguer CB 127 1 (1) 2002-2008
41%
61 Ricardo Quaresma RW 22 1 (1) 2003-2004
38%
22 Sylvinho LB 89 2 (8) 2004-2009
38%
29 Edmílson DM 71 0 (2) 2004-2008
35%
59 Emmanuel Petit DM 23 1 (0) 2000-2001
35%
58 Dani García ST 23 1 (1) 2000-2003
32%
20 Gerard López CM 92 5 (3) 2000-2005
32%
52 Luis García RW 25 4 (9) 2003-2004
32%
70 Maxi López ST 14 0 (2) 2004-2006
32%
76 Óscar López RB 8 0 (1) 2002-2004
32%
85 Sergio García ST 4 0 (1) 2003-2004
32%
71 Martín Cáceres CB 13 0 (0) 2008-2009
30%
65 Patrik Andersson CB 19 0 (0) 2001-2004
27%
109 Robert Enke GK 1 0 (0) 2002-2003
27%
84 Rüştü Reçber GK 4 0 (0) 2003-2004
27%
77 Víctor Sánchez CM 8 0 (0) 2007-2009
27%
73 Boudewijn Zenden LW 10 0 (0) 2000-2001
24%
60 Francesco Coco LB 23 0 (2) 2001-2002
24%
69 Jeffrén RW 14 2 (0) 2008-2010
24%
54 Simão LW 25 2 (4) 2000-2001
24%
47 Pepe Reina GK 30 0 (0) 2000-2002
22%
82 Rodri CB 5 0 (0) 2004-2006
22%
78 Albert Jorquera GK 7 0 (0) 2003-2006
19%
80 Demetrio Albertini DM 5 0 (0) 2004-2005
19%
37 Roberto Bonano GK 51 0 (0) 2001-2003
19%
89 Rubén Martínez GK 2 0 (0) 2004-2005
19%
14 Gabri DM 112 6 (5) 2000-2006
16%
45 Philippe Christanval CB 31 0 (1) 2001-2003
16%
68 Richard Dutruel GK 15 0 (0) 2000-2001
16%
38 Sergi Barjuan LB 51 1 (3) 2000-2002
16%
91 Xavi Torres DM 2 0 (0) 2008-2009
16%
50 Abelardo CB 26 1 (1) 2000-2002
14%
72 Dmytro Chygrynskyi CB 12 0 (0) 2009-2010
14%
44 Gaizka Mendieta RM 33 4 (6) 2002-2003
14%
75 Iván de la Peña AM 9 0 (1) 2000-2001
14%
67 Juan Pablo Sorín LB 15 1 (0) 2002-2003
14%
90 Thiago Alcántara CM 2 1 (0) 2008-2010
14%
57 Santiago Ezquerro ST 24 3 (1) 2005-2008
11%
62 Alfonso ST 21 2 (1) 2000-2002
8%
100 Ludovic Sylvestre CM 1 0 (1) 2005-2006
8%
83 Sergio Santamaría RW 5 0 (0) 2000-2001, 2003-2004
8%
94 Andrea Orlandi CM 1 0 (0) 2005-2006
5%
95 Andreu Fontàs CB 1 0 (0) 2009-2010
5%
39 Fábio Rochemback CM 45 2 (4) 2001-2003
5%
88 Jesús Olmo CB 2 0 (0) 2005-2007
5%
101 Marc Bartra CB 1 0 (0) 2009-2010
5%
102 Marc Muniesa CB 1 0 (0) 2008-2009
5%
104 Oier Olazábal GK 1 0 (0) 2008-2009
5%
106 Pitu CM 1 0 (0) 2005-2006
5%
108 Ramón Ros DM 1 0 (0) 2003-2004
5%
74 Damià Abella RB 9 0 (1) 2004-2005
3%
63 Fernando Navarro LB 21 1 (1) 2001-2003, 2004-2005
3%
79 Francesc Arnau GK 6 0 (0) 2000-2001
3%
97 Javi Martos CB 1 0 (0) 2005-2006
3%
105 Paco Montañés LW 1 0 (0) 2005-2006
3%
111 Víctor Vázquez AM 1 0 (0) 2007-2008
3%
92 Abraham González CM 1 0 (0) 2008-2009
0%
93 Alberto Botía CB 1 0 (0) 2008-2009
0%
96 Fali RB 1 0 (0) 2007-2008
0%
51 Geovanni AM 26 1 (2) 2001-2003
0%
98 Jofre Mateu LW 1 0 (0) 2001-2002
0%
99 José Manuel Rueda CM 1 0 (0) 2007-2008
0%
103 Mario Abrante CB 1 0 (0) 2003-2004
0%
87 Nano LB 3 0 (0) 2002-2003
0%
107 Ramón Masó CB 1 0 (0) 2005-2006
0%
110 Roberto Trashorras CM 1 0 (0) 2001-2002
0%
No matching quizzes found
Score Distribution
Percent of People with Each Score
Percentile by Number Answered
Your Score History
You have not taken this quiz